Jusqu'où irez vous ? #31 (Géographie) - Statistiques

Statistiques générales
  • Ce quiz a été pris 177 fois
  • Le résultat moyen est 6 sur 40
Statistiques - réponses
Hint Réponse % Correct
Tapez les deux premières lettres du continent qui s’étend du cercle polaire arctique jusqu’à l’Antarctique AMérique
100%
Tapez les deux premières lettres de la couleur majoritaire sur le drapeau de Chypre (et Chypre du Nord aussi) BLanc
91%
Tapez les deux premières lettres du département français qui est le plus haut en altitude moyenne HAutes-Alpes
64%
Tapez les deux premières lettres de la couleur majoritaire sur le drapeau de la Somalie BLeu
54%
Tapez les deux premières lettres du pays qui a pour langues officielles le français, l'allemand, l'italien et le romanche SUisse
51%
Tapez les deux premières lettres de la ville la plus septentrionale de France dépassant 80 000 habitants (en 2023) DUnkerque
27%
Tapez les deux premières lettres de la couleur majoritaire sur le drapeau du Bangladesh VErt
26%
Tapez les deux premières lettres du pays qui a dans son top 15 des villes les plus peuplées Gold Coast et Hobart AUstralie
21%
Tapez les deux premières lettres de la capitale de l'État d'Hawaï, États-Unis HOnolulu
20%
Tapez les deux premières lettres du département français où se trouve les communes de Sens et Tonnerre YOnne
15%
Tapez les deux premières lettres du pays qui a dans son top 6 des villes les plus peuplées Antsirabe et Fianarantsoa MAdagascar
14%
Tapez les deux premières lettres du département qui a pour point culminant le Puy de Sancy PUy-de-dôme
13%
Tapez les deux premières lettres du pays qui a pour point culminant l'Aconcagua ARgentine
10%
Tapez les deux premières lettres du pays entièrement enclavé dans le territoire de l'Afrique du Sud LEsotho
10%
Tapez les deux premières lettres de la ville qui a pour quartier Cartierville, la Cité du Havre, le Nouveau-Bordeaux et Tétreaultville MOntreal
9%
Tapez les deux premières lettres du département français actuel qui correspondait approximativement à l'ancien comté du Périgord DOrdogne
8%
Tapez les deux premières lettres du plus grand département de France métropolitaine en superficie GIronde
8%
Tapez les deux premières lettres du pays qui revendique la région du Cachemire avec l'Inde et la Chine PAkistan
8%
Tapez les deux premières lettres de la couleur majoritaire sur le drapeau de Hong Kong ROuge
8%
Tapez les deux premières lettres du pays où se trouve le Kilimandjaro, point culminant de l'Afrique TAnzanie
8%
Tapez les deux premières lettres de la couleur majoritaire sur le drapeau du Niger ORange
6%
Tapez les deux premières lettres du pays qui s'appelait autrefois le Honduras britannique BElize
3%
Tapez les deux premières lettres du pays qui partage la Patagonie avec l'Argentine CHili
3%
Tapez les deux premières lettres de la ville qui a pour quartier Coconut Grove, Little Havana, Upper Eastside et les Îles Vénitiennes MIami
3%
Tapez les deux premières lettres du département où se trouve les communes de Revin, Vouziers et Fumay ARdennes
2%
Tapez les deux premières lettres de la couleur majoritaire sur le drapeau de la Nouvelle-Galles du Sud BLeu
2%
Tapez les deux premières lettres du pays qui a dans son top 6 des villes les plus peuplées Tuzla et Mostar BOsnie-Herzégovine
2%
Tapez les deux premières lettres de la capitale du land autrichien du Tyrol INnsbruck
2%
Tapez les deux premières lettres de la couleur majoritaire sur le drapeau de la Colombie JAune
2%
Tapez les deux premières lettres de la couleur majoritaire sur le drapeau de Niue JAune
2%
Tapez les deux premières lettres du département où se trouve les communes d'Épernay, Tinqueux et Montmirail MArne
2%
Tapez les deux premières lettres de la capitale des Asturies OViedo
2%
Tapez les deux premières lettres du pays qui a dans son top 5 des villes les plus peuplées Pikine et Touba SEnegal
2%
Tapez les deux premières lettres du pays qui est compris dans la zone culturelle du Kurdistan avec l'Irak, l'Iran et la Syrie TUrquie
2%
Tapez les deux premières lettres du département où se trouve la colline d'Élancourt, le point culminant de toute la région Île-de-France YVelines
2%
Tapez les deux premières lettres du pays qui partage la Silésie avec la Pologne et la Tchèquie ALlemagne
1%
Tapez les deux premières lettres de la ville dont voici les 12 districts -Ajapnyak -Arabkir -Avan -Davtachen -Erebouni -Kanaker-Zeytun -Kentron -Malatia-Sebastia -Nork-Marach -Nor Nork -Noubarachen -Chengavit ERevan
1%
Tapez les deux premières lettres de la capitale de l'Algarve FAro
1%
Tapez les deux premières lettres de la ville qui a pour quartier Bab El Khemis, L'Hivernage et Socoma MArrakech
1%
Tapez les deux premières lettres du pays qui a dans son top 3 des villes les plus peuplées Darkhan et Erdenet MOngolie
1%
Aucun quiz correspondant
Distribution des résultats
% des personnes avec chaque résultat
Percentile par nombre de réponses
Votre historique - résultats
Vous n’avez pas pris ce quiz